| 000 | 01020cam a2200301Mi 4500 | ||
|---|---|---|---|
| 001 | ocm56963233 | ||
| 003 | TZ-ArACH | ||
| 005 | 20150420132115.0 | ||
| 008 | 041028s2004 fr 000 0 fre d | ||
| 020 | _a227106239X | ||
| 020 | _a9782271062390 | ||
| 035 | _a(OCoLC)56963233 | ||
| 040 |
_aTZT _beng _cTZT _dOCLCQ |
||
| 049 | _aTZAA | ||
| 050 |
_aKZ21 _b.A55 2003 |
||
| 072 | 7 |
_aK _2lcco |
|
| 082 | 1 | 4 |
_a341 _21 |
| 245 | 0 | 0 |
_aAnnuaire français de droit international 2003. _nXLIX, _p2003 / _cdirection J. Verhoeven. |
| 260 |
_aParis : _bCNRS, _c2004. |
||
| 300 | _a1009 pages. | ||
| 490 | 1 |
_aAnnuaire français de droit international, _x0066-3085 ; _vXLIX |
|
| 650 |
_2International law _916111 |
||
| 650 |
_2Droit international _916112 |
||
| 653 |
_aInternational law _aYearly directory |
||
| 830 | 0 |
_aAnnuaire français de droit international ; _vXLIX. _916113 |
|
| 942 |
_2lcc _cBOOK |
||
| 999 |
_c3117 _d3117 |
||